[Event "DVM U20w 2023"]
[Site "Magdeburg GER"]
[Date "2023.12.30"]
[Round "7"]
[White "Sereda, Yaroslava"]
[Black "Malinowsky, Celina"]
[Result "1-0"]
[Termination "normal"]
[Board "2.2"]
[WhiteElo "1958"]
[BlackElo "1530"]
[WhiteClock "00:15:10"]
[BlackClock "00:19:19"]
[WhiteTeam "SG Solingen"]
[BlackTeam "Lübecker SV 1873"]
[PlyCount "101"]
[WhiteFideId "14178940"]
[BlackFideId "16266986"]
[EventCountry "GER"]
[EventRounds "7"]
[EventType "team-swiss"]
[EventDate "2023.12.26"]

1. e4 {[%clk 01:30:58]} {[%emt 00:00:01]} c5 {[%clk 01:30:51]} {[%emt
00:00:09]} 2. Nf3 {[%clk 01:31:17]} {[%emt 00:00:11]} e6 {[%clk 01:31:03]}
{[%emt 00:00:18]} 3. d4 {[%clk 01:30:53]} {[%emt 00:00:54]} cxd4 {[%clk
01:31:12]} {[%emt 00:00:21]} 4. Nxd4 {[%clk 01:31:12]} {[%emt 00:00:10]} a6
{[%clk 01:31:10]} {[%emt 00:00:32]} 5. Nc3 {[%clk 01:27:24]} {[%emt 00:04:19]}
Qc7 {[%clk 01:30:19]} {[%emt 00:01:20]} 6. g3 {[%clk 01:18:38]} {[%emt
00:09:17]} b5 {[%clk 01:28:09]} {[%emt 00:02:40]} 7. Bg2 {[%clk 01:16:55]}
{[%emt 00:02:13]} Bb7 {[%clk 01:26:11]} {[%emt 00:02:27]} 8. O-O {[%clk
01:14:05]} {[%emt 00:03:21]} d6 {[%clk 01:22:06]} {[%emt 00:04:34]} 9. a3
{[%clk 01:10:45]} {[%emt 00:03:51]} Nf6 {[%clk 01:20:13]} {[%emt 00:02:23]} 10.
Bg5 {[%clk 01:08:13]} {[%emt 00:03:01]} Be7 {[%clk 01:18:18]} {[%emt 00:02:25]}
11. Bxf6 {[%clk 01:02:37]} {[%emt 00:06:07]} Bxf6 {[%clk 01:18:04]} {[%emt
00:00:43]} 12. Ndxb5 {[%clk 00:38:55]} {[%emt 00:24:13]} axb5 {[%clk 01:01:55]}
{[%emt 00:16:39]} 13. Nxb5 {[%clk 00:37:21]} {[%emt 00:02:05]} Qb6 {[%clk
01:00:00]} {[%emt 00:02:24]} 14. Nxd6+ {[%clk 00:37:19]} {[%emt 00:00:32]} Ke7
{[%clk 00:59:51]} {[%emt 00:00:38]} 15. Nxb7 {[%clk 00:36:13]} {[%emt
00:01:35]} Be5 {[%clk 00:56:41]} {[%emt 00:03:41]} 16. Kh1 {[%clk 00:32:48]}
{[%emt 00:03:56]} Qxb7 {[%clk 00:54:52]} {[%emt 00:02:20]} 17. f4 {[%clk
00:32:38]} {[%emt 00:00:40]} Qxb2 {[%clk 00:53:27]} {[%emt 00:01:54]} 18. fxe5
{[%clk 00:31:25]} {[%emt 00:01:43]} Qxe5 {[%clk 00:51:39]} {[%emt 00:02:18]}
19. Qf3 {[%clk 00:29:54]} {[%emt 00:02:00]} f6 {[%clk 00:47:56]} {[%emt
00:04:14]} 20. Rfd1 {[%clk 00:27:16]} {[%emt 00:03:08]} Rd8 {[%clk 00:47:11]}
{[%emt 00:01:15]} 21. Qb3 {[%clk 00:26:04]} {[%emt 00:01:42]} Nd7 {[%clk
00:37:21]} {[%emt 00:10:19]} 22. Qe3 {[%clk 00:08:04]} {[%emt 00:18:31]} Nc5
{[%clk 00:34:18]} {[%emt 00:03:33]} 23. Bf3 {[%clk 00:07:28]} {[%emt 00:01:06]}
Rd6 {[%clk 00:33:14]} {[%emt 00:01:33]} 24. Rab1 {[%clk 00:06:47]} {[%emt
00:01:12]} Rad8 {[%clk 00:28:59]} {[%emt 00:04:44]} 25. Rxd6 {[%clk 00:06:41]}
{[%emt 00:00:37]} Qxd6 {[%clk 00:29:13]} {[%emt 00:00:16]} 26. Rd1 {[%emt
00:00:39]} Qc7 {[%clk 00:29:00]} {[%emt 00:00:41]} 27. Rxd8 {[%clk 00:06:15]}
{[%emt 00:00:49]} Kxd8 {[%clk 00:29:15]} {[%emt 00:00:14]} 28. Qd4+ {[%clk
00:06:17]} {[%emt 00:00:29]} Ke7 {[%clk 00:28:06]} {[%emt 00:01:39]} 29. Kg2
{[%clk 00:05:21]} {[%emt 00:01:26]} Qd6 {[%clk 00:27:05]} {[%emt 00:01:30]} 30.
Qb4 {[%clk 00:04:49]} {[%emt 00:01:02]} Nd7 {[%clk 00:26:48]} {[%emt 00:00:48]}
31. Kf2 {[%clk 00:04:06]} {[%emt 00:01:13]} Ne5 {[%clk 00:23:43]} {[%emt
00:03:34]} 32. Be2 {[%clk 00:03:06]} {[%emt 00:01:31]} Qxb4 {[%clk 00:21:42]}
{[%emt 00:02:30]} 33. axb4 {[%clk 00:03:30]} {[%emt 00:00:06]} Kd6 {[%clk
00:22:00]} {[%emt 00:00:12]} 34. Ke3 {[%clk 00:03:22]} {[%emt 00:00:39]} h6
{[%clk 00:21:06]} {[%emt 00:01:24]} 35. Kd4 {[%clk 00:02:35]} {[%emt 00:01:17]}
g5 {[%clk 00:17:14]} {[%emt 00:04:22]} 36. c3 {[%clk 00:00:51]} {[%emt
00:02:14]} f5 {[%clk 00:13:27]} {[%emt 00:04:18]} 37. exf5 {[%clk 00:01:03]}
{[%emt 00:00:17]} exf5 {[%clk 00:13:55]} {[%emt 00:00:01]} 38. h3 {[%clk
00:01:00]} {[%emt 00:00:33]} Nd7 {[%clk 00:12:20]} {[%emt 00:02:05]} 39. c4
{[%clk 00:01:01]} {[%emt 00:00:30]} Nf6 {[%clk 00:08:03]} {[%emt 00:04:47]} 40.
c5+ {[%clk 00:00:57]} {[%emt 00:00:34]} Ke6 {[%clk 00:07:54]} {[%emt 00:00:38]}
41. Bc4+ {[%clk 00:28:05]} {[%emt 00:03:22]} Ke7 {[%clk 00:36:24]} {[%emt
00:02:01]} 42. Ke5 {[%clk 00:23:00]} {[%emt 00:05:35]} f4 {[%clk 00:32:28]}
{[%emt 00:04:25]} 43. gxf4 {[%clk 00:22:54]} {[%emt 00:00:37]} g4 {[%clk
00:32:35]} {[%emt 00:00:23]} 44. hxg4 {[%clk 00:22:50]} {[%emt 00:00:34]} Nxg4+
{[%clk 00:33:03]} {[%emt 00:00:02]} 45. Kd4 {[%clk 00:21:41]} {[%emt 00:01:39]}
Nf6 {[%clk 00:31:26]} {[%emt 00:02:07]} 46. Be2 {[%clk 00:20:51]} {[%emt
00:01:20]} h5 {[%clk 00:31:30]} {[%emt 00:00:27]} 47. Bf3 {[%clk 00:16:36]}
{[%emt 00:04:44]} h4 {[%clk 00:29:37]} {[%emt 00:02:23]} 48. b5 {[%clk
00:16:35]} {[%emt 00:00:30]} Kd7 {[%clk 00:27:53]} {[%emt 00:02:14]} 49. Ke5
{[%clk 00:15:51]} {[%emt 00:01:15]} Ke7 {[%clk 00:20:07]} {[%emt 00:08:16]} 50.
c6 {[%clk 00:15:03]} {[%emt 00:01:18]} Ne8 {[%clk 00:19:19]} {[%emt 00:01:18]}
51. b6 {[%clk 00:15:10]} {[%emt 00:00:23]} 1-0

[Event "DVM U20w 2023"]
[Site "Magdeburg GER"]
[Date "2023.12.30"]
[Round "7"]
[White "Hellenbroich, Helene"]
[Black "Rudolph, Eva"]
[Result "1-0"]
[Termination "normal"]
[Board "2.3"]
[WhiteElo "1358"]
[BlackElo "1755"]
[WhiteClock "00:14:55"]
[BlackClock "00:00:41"]
[WhiteTeam "Lübecker SV 1873"]
[BlackTeam "SG Solingen"]
[PlyCount "113"]
[WhiteFideId "16270754"]
[BlackFideId "16200594"]
[EventCountry "GER"]
[EventRounds "7"]
[EventType "team-swiss"]
[EventDate "2023.12.26"]

1. c4 {[%clk 01:30:43]} {[%emt 00:00:17]} e6 {[%clk 01:29:11]} {[%emt
00:01:49]} 2. Nc3 {[%clk 01:30:34]} {[%emt 00:00:39]} d5 {[%clk 01:29:13]}
{[%emt 00:00:28]} 3. cxd5 {[%clk 01:29:34]} {[%emt 00:01:30]} exd5 {[%clk
01:29:27]} {[%emt 00:00:16]} 4. d4 {[%clk 01:29:20]} {[%emt 00:00:44]} Nf6
{[%clk 01:29:11]} {[%emt 00:00:46]} 5. Bg5 {[%clk 01:27:32]} {[%emt 00:02:17]}
Nbd7 {[%clk 01:29:07]} {[%emt 00:00:34]} 6. Qc2 {[%clk 01:21:04]} {[%emt
00:06:58]} c6 {[%clk 01:29:00]} {[%emt 00:00:37]} 7. Nf3 {[%clk 01:19:10]}
{[%emt 00:02:24]} Be7 {[%clk 01:28:59]} {[%emt 00:00:31]} 8. e3 {[%clk
01:18:05]} {[%emt 00:01:36]} O-O {[%clk 01:28:51]} {[%emt 00:00:38]} 9. Bd3
{[%clk 01:15:54]} {[%emt 00:02:41]} Re8 {[%clk 01:29:01]} {[%emt 00:00:19]} 10.
O-O {[%clk 01:15:18]} {[%emt 00:01:06]} Nf8 {[%clk 01:28:55]} {[%emt 00:00:38]}
11. Ne2 {[%clk 01:12:37]} {[%emt 00:03:10]} Bd6 {[%clk 01:22:35]} {[%emt
00:06:49]} 12. Bf4 {[%clk 01:10:37]} {[%emt 00:02:30]} Ng6 {[%clk 01:20:09]}
{[%emt 00:02:57]} 13. Bxd6 {[%clk 01:09:37]} {[%emt 00:01:30]} Qxd6 {[%clk
01:20:29]} {[%emt 00:00:10]} 14. Ng3 {[%clk 01:06:48]} {[%emt 00:03:18]} Bg4
{[%clk 01:11:19]} {[%emt 00:09:40]} 15. Ng5 {[%emt 00:07:05]} Nf8 {[%emt
00:16:39]} 16. Be2 {[%clk 00:51:50]} {[%emt 00:05:45]} g6 {[%emt 00:16:01]} 17.
Bxg4 {[%clk 00:43:04]} {[%emt 00:01:44]} Nxg4 {[%clk 00:50:41]} {[%emt
00:00:09]} 18. Nf3 {[%clk 00:35:59]} {[%emt 00:07:35]} Ne6 {[%clk 00:43:02]}
{[%emt 00:08:09]} 19. Rae1 {[%clk 00:28:11]} {[%emt 00:08:18]} Ng7 {[%clk
00:38:04]} {[%emt 00:05:28]} 20. Qd2 {[%clk 00:20:24]} {[%emt 00:17:16]} Re6
{[%clk 00:24:05]} {[%emt 00:07:29]} 21. h3 {[%clk 00:19:42]} {[%emt 00:01:13]}
Nf6 {[%clk 00:23:44]} {[%emt 00:00:51]} 22. Ne5 {[%clk 00:18:32]} {[%emt
00:01:39]} Nd7 {[%clk 00:22:53]} {[%emt 00:01:21]} 23. Nxd7 {[%clk 00:17:40]}
{[%emt 00:01:22]} Qxd7 {[%clk 00:23:19]} {[%emt 00:00:04]} 24. Re2 {[%clk
00:16:34]} {[%emt 00:01:36]} Ne8 {[%clk 00:21:39]} {[%emt 00:02:11]} 25. Rfe1
{[%clk 00:14:44]} {[%emt 00:02:19]} Nd6 {[%clk 00:20:44]} {[%emt 00:01:26]} 26.
b3 {[%clk 00:14:23]} {[%emt 00:00:51]} Rae8 {[%clk 00:19:10]} {[%emt 00:02:04]}
27. Qd3 {[%clk 00:13:23]} {[%emt 00:01:29]} Qe7 {[%clk 00:13:49]} {[%emt
00:05:51]} 28. Qd2 {[%clk 00:12:10]} {[%emt 00:01:43]} Qc7 {[%clk 00:13:30]}
{[%emt 00:00:49]} 29. Rc1 {[%clk 00:11:42]} {[%emt 00:00:58]} Qd7 {[%clk
00:09:07]} {[%emt 00:04:53]} 30. Rce1 {[%clk 00:10:51]} {[%emt 00:01:20]} Rd8
{[%clk 00:06:11]} {[%emt 00:03:27]} 31. Rd1 {[%clk 00:09:14]} {[%emt 00:02:08]}
Ne4 {[%clk 00:05:19]} {[%emt 00:01:22]} 32. Nxe4 {[%clk 00:09:33]} {[%emt
00:00:10]} dxe4 {[%clk 00:05:40]} {[%emt 00:00:10]} 33. Qc2 {[%clk 00:08:53]}
{[%emt 00:01:09]} f5 {[%clk 00:04:26]} {[%emt 00:01:44]} 34. Red2 {[%clk
00:06:26]} {[%emt 00:02:57]} Rd6 {[%clk 00:04:05]} {[%emt 00:00:51]} 35. Qc4+
{[%clk 00:05:56]} {[%emt 00:01:00]} Rd5 {[%clk 00:03:48]} {[%emt 00:00:46]} 36.
Qe2 {[%clk 00:04:58]} {[%emt 00:01:28]} Qe7 {[%clk 00:02:30]} {[%emt 00:01:46]}
37. Re1 {[%clk 00:02:42]} {[%emt 00:02:49]} Kg7 {[%clk 00:02:18]} {[%emt
00:00:42]} 38. Qc4 {[%clk 00:00:47]} {[%emt 00:02:25]} R8d7 {[%clk 00:01:46]}
{[%emt 00:01:01]} 39. Rde2 {[%clk 00:28:45]} {[%emt 00:02:33]} c5 {[%clk
00:27:10]} {[%emt 00:05:06]} 40. dxc5 {[%clk 00:25:09]} {[%emt 00:04:07]} Qxc5
{[%clk 00:26:19]} 41. Qxc5 Rxc5 {[%clk 00:26:47]} 42. f3 {[%clk 00:23:35]}
{[%emt 00:00:45]} exf3 {[%clk 00:22:23]} {[%emt 00:04:56]} 43. gxf3 {[%clk
00:24:00]} {[%emt 00:00:06]} Kf6 {[%clk 00:22:11]} {[%emt 00:00:41]} 44. Kf2
{[%clk 00:22:48]} {[%emt 00:01:41]} Rdc7 {[%clk 00:20:15]} {[%emt 00:02:26]}
45. Rd1 {[%clk 00:22:24]} {[%emt 00:00:53]} Rc2 {[%clk 00:19:27]} {[%emt
00:01:19]} 46. Rdd2 {[%clk 00:21:54]} {[%emt 00:01:00]} Rxd2 {[%clk 00:19:05]}
{[%emt 00:00:53]} 47. Rxd2 {[%clk 00:22:19]} {[%emt 00:00:05]} Ke7 {[%clk
00:16:37]} {[%emt 00:02:57]} 48. Kg3 {[%clk 00:20:05]} {[%emt 00:02:44]} Rc1
{[%clk 00:14:54]} {[%emt 00:02:13]} 49. Kf2 {[%clk 00:18:39]} {[%emt 00:01:55]}
Ke6 {[%clk 00:14:49]} {[%emt 00:00:36]} 50. h4 {[%clk 00:17:38]} {[%emt
00:01:31]} Rh1 {[%clk 00:14:11]} {[%emt 00:01:08]} 51. Kg3 {[%clk 00:17:49]}
{[%emt 00:00:19]} Ra1 {[%clk 00:12:29]} {[%emt 00:02:12]} 52. Kg2 {[%clk
00:17:16]} {[%emt 00:01:03]} h6 {[%clk 00:12:03]} {[%emt 00:00:57]} 53. f4
{[%clk 00:16:10]} {[%emt 00:01:36]} Rc1 {[%clk 00:11:23]} {[%emt 00:01:08]} 54.
Re2 {[%clk 00:14:01]} {[%emt 00:02:40]} Kd5 {[%emt 00:02:01]} 55. Rd2+ Ke4
{[%clk 00:07:51]} {[%emt 00:02:40]} 56. Kf2 {[%clk 00:14:34]} {[%emt 00:00:19]}
Rf1+ {[%clk 00:00:41]} {[%emt 00:07:40]} 57. Kxf1 {[%clk 00:14:55]} {[%emt
00:00:09]} 1-0

[Event "DVM U20w 2023"]
[Site "Magdeburg GER"]
[Date "2023.12.30"]
[Round "7"]
[White "Fetahovic, Sarah"]
[Black "Rosin, Ida"]
[Result "1-0"]
[Termination "normal"]
[Board "2.4"]
[WhiteElo "1579"]
[BlackElo "1199"]
[WhiteClock "00:02:27"]
[BlackClock "00:19:45"]
[WhiteTeam "SG Solingen"]
[BlackTeam "Lübecker SV 1873"]
[PlyCount "61"]
[WhiteFideId "34601546"]
[BlackFideId "16273214"]
[EventCountry "GER"]
[EventRounds "7"]
[EventType "team-swiss"]
[EventDate "2023.12.26"]

1. e4 {[%clk 01:30:30]} c5 {[%clk 01:30:52]} {[%emt 00:00:16]} 2. Be2 {[%clk
01:31:07]} Nc6 {[%clk 01:31:09]} {[%emt 00:00:28]} 3. d3 {[%clk 01:31:15]}
{[%emt 00:00:21]} Qc7 {[%clk 01:30:55]} {[%emt 00:00:44]} 4. f4 {[%clk
01:31:09]} {[%emt 00:00:37]} e6 {[%clk 01:30:48]} {[%emt 00:00:37]} 5. Nf3
{[%clk 01:30:29]} {[%emt 00:01:10]} Nf6 {[%clk 01:30:49]} {[%emt 00:00:29]} 6.
O-O {[%clk 01:29:54]} {[%emt 00:01:05]} Be7 {[%clk 01:30:28]} {[%emt 00:00:50]}
7. h3 {[%clk 01:28:08]} {[%emt 00:02:16]} a6 {[%clk 01:30:13]} {[%emt
00:00:44]} 8. Be3 {[%clk 01:25:01]} {[%emt 00:03:38]} b5 {[%clk 01:29:20]}
{[%emt 00:01:22]} 9. Nbd2 {[%clk 01:14:31]} {[%emt 00:11:01]} O-O {[%clk
01:27:07]} {[%emt 00:02:43]} 10. c3 {[%clk 01:10:28]} {[%emt 00:04:34]} Bb7
{[%clk 01:24:09]} {[%emt 00:03:27]} 11. d4 {[%clk 00:55:16]} {[%emt 00:15:43]}
d6 {[%clk 01:22:48]} {[%emt 00:01:50]} 12. Bd3 {[%clk 00:51:47]} {[%emt
00:03:59]} Rfd8 {[%clk 01:15:42]} {[%emt 00:07:34]} 13. Rc1 {[%clk 00:40:18]}
{[%emt 00:12:01]} Rac8 {[%clk 01:13:54]} {[%emt 00:02:18]} 14. Qe1 {[%clk
00:40:16]} {[%emt 00:00:32]} Qb8 {[%clk 01:04:38]} {[%emt 00:09:45]} 15. g4
{[%clk 00:27:42]} {[%emt 00:13:05]} cxd4 {[%clk 00:55:34]} {[%emt 00:09:34]}
16. cxd4 {[%clk 00:27:53]} {[%emt 00:00:19]} Nb4 {[%clk 00:55:30]} {[%emt
00:00:34]} 17. Bb1 {[%clk 00:27:42]} {[%emt 00:00:42]} Qa8 {[%clk 00:54:33]}
{[%emt 00:01:26]} 18. a3 {[%clk 00:24:54]} {[%emt 00:03:19]} Nc6 {[%clk
00:52:43]} {[%emt 00:02:19]} 19. g5 {[%clk 00:24:24]} {[%emt 00:01:01]} Nd7
{[%clk 00:51:06]} {[%emt 00:02:06]} 20. f5 {[%clk 00:17:45]} {[%emt 00:07:09]}
exf5 {[%clk 00:46:04]} {[%emt 00:05:32]} 21. exf5 {[%clk 00:18:08]} {[%emt
00:00:07]} Re8 {[%clk 00:38:43]} {[%emt 00:07:51]} 22. Qg3 {[%clk 00:14:18]}
{[%emt 00:04:20]} g6 {[%clk 00:35:56]} {[%emt 00:03:16]} 23. h4 {[%clk
00:11:10]} {[%emt 00:03:40]} Bf8 {[%clk 00:32:50]} {[%emt 00:03:35]} 24. Bf4
{[%clk 00:11:10]} {[%emt 00:00:31]} d5 {[%clk 00:30:41]} {[%emt 00:02:39]} 25.
h5 {[%clk 00:10:16]} {[%emt 00:01:24]} Ne7 {[%clk 00:28:05]} {[%emt 00:03:05]}
26. f6 {[%clk 00:07:26]} Nc6 {[%clk 00:26:47]} {[%emt 00:05:07]} 27. Qh3 {[%clk
00:04:50]} Nb6 {[%clk 00:22:10]} {[%emt 00:08:13]} 28. Kf2 {[%clk 00:02:21]}
Rcd8 {[%clk 00:19:45]} {[%emt 00:05:54]} 29. Rh1 {[%clk 00:02:27]} Bc8 {[%clk
00:19:45]} 30. Qh4 {[%clk 00:02:27]} Bf5 {[%clk 00:19:45]} 31. hxg6 {[%clk
00:02:27]} 1-0

[Event "DVM U20w 2023"]
[Site "Magdeburg GER"]
[Date "2023.12.30"]
[Round "7"]
[White "Bauer, Laura Sophie"]
[Black "Hafermann, Lara"]
[Result "1-0"]
[Termination "normal"]
[Board "3.1"]
[WhiteElo "1878"]
[BlackElo "1575"]
[WhiteClock "01:06:24"]
[BlackClock "01:09:39"]
[WhiteTeam "SK Kelheim 1920"]
[BlackTeam "SC Borussia Lichtenberg"]
[PlyCount "47"]
[WhiteFideId "16253647"]
[BlackFideId "16298306"]
[EventCountry "GER"]
[EventRounds "7"]
[EventType "team-swiss"]
[EventDate "2023.12.26"]

1. e4 {[%clk 01:30:43]} {[%emt 00:00:16]} d5 {[%clk 01:30:55]} {[%emt
00:00:06]} 2. exd5 {[%clk 01:31:05]} {[%emt 00:00:08]} Qxd5 {[%clk 01:31:19]}
{[%emt 00:00:05]} 3. Nc3 {[%clk 01:31:28]} {[%emt 00:00:07]} Qd6 {[%clk
01:31:43]} {[%emt 00:00:07]} 4. d4 {[%clk 01:31:49]} {[%emt 00:00:08]} Nf6
{[%clk 01:32:05]} {[%emt 00:00:08]} 5. Nf3 {[%clk 01:32:10]} {[%emt 00:00:09]}
c6 {[%clk 01:32:24]} {[%emt 00:00:11]} 6. Ne5 {[%clk 01:32:30]} {[%emt
00:00:10]} Bf5 {[%clk 01:31:33]} {[%emt 00:01:20]} 7. g4 {[%clk 01:29:58]}
{[%emt 00:03:03]} Bg6 {[%clk 01:31:42]} {[%emt 00:00:21]} 8. h4 {[%clk
01:30:14]} {[%emt 00:00:14]} Ne4 {[%clk 01:26:58]} {[%emt 00:05:15]} 9. Bg2
{[%clk 01:18:34]} {[%emt 00:12:09]} Nxc3 {[%clk 01:27:12]} {[%emt 00:00:16]}
10. bxc3 {[%clk 01:18:59]} {[%emt 00:00:05]} f6 {[%clk 01:27:09]} {[%emt
00:00:34]} 11. Nxg6 {[%clk 01:15:19]} {[%emt 00:04:09]} hxg6 {[%clk 01:27:37]}
{[%emt 00:00:03]} 12. Qd3 {[%clk 01:15:26]} {[%emt 00:00:22]} Qe6+ {[%clk
01:23:19]} {[%emt 00:04:49]} 13. Kf1 {[%clk 01:13:57]} {[%emt 00:01:57]} Qxg4
{[%clk 01:22:07]} {[%emt 00:01:43]} 14. Rg1 {[%clk 01:12:45]} {[%emt 00:01:43]}
Qh5 {[%clk 01:21:00]} {[%emt 00:01:37]} 15. Bf3 {[%clk 01:08:45]} {[%emt
00:04:30]} Qh7 {[%clk 01:16:49]} {[%emt 00:04:41]} 16. Rb1 {[%clk 01:06:00]}
{[%emt 00:03:15]} b6 {[%clk 01:12:24]} {[%emt 00:04:55]} 17. Qc4 {[%clk
01:05:36]} {[%emt 00:00:53]} Kd7 {[%clk 01:10:59]} {[%emt 00:01:56]} 18. d5
{[%clk 01:05:36]} {[%emt 00:00:29]} Qxh4 {[%clk 01:10:09]} {[%emt 00:01:21]}
19. dxc6+ {[%clk 01:05:33]} {[%emt 00:00:32]} Kc7 {[%clk 01:10:17]} {[%emt
00:00:22]} 20. Bf4+ {[%clk 01:04:57]} {[%emt 00:01:06]} e5 {[%clk 01:09:43]}
{[%emt 00:01:05]} 21. Qf7+ {[%clk 01:05:16]} {[%emt 00:00:10]} Kc8 {[%clk
01:09:00]} {[%emt 00:01:13]} 22. Qb7+ {[%clk 01:05:37]} {[%emt 00:00:09]} Kd8
{[%clk 01:09:23]} {[%emt 00:00:08]} 23. c7+ {[%clk 01:06:01]} {[%emt 00:00:05]}
Ke8 {[%clk 01:09:39]} {[%emt 00:00:14]} 24. c8=Q# {[%clk 01:06:24]} 1-0